000 00710nam a2200181Ia 4500
008 090124s9999 xx 000 0 und d
082 _b36481
100 _aसबनीस श्री. नि.
245 _a मुंबई महानगर पालिका अधिनियम 1949
250 _a1
260 _bमुकुंद प्रकाशन
_c1999
300 _a577
600 _aसबनीस श्री. नि.
630 _a मुंबई महानगर पालिका अधिनियम 1949
700 _aसबनीस श्री. नि.
730 _a मुंबई महानगर पालिका अधिनियम 1949
942 _cBOOK
999 _c102454
_d102454